| 000 | 00619nam a2200181 a 4500 | ||
|---|---|---|---|
| 001 | 000040069 | ||
| 005 | 20201002033911.0 | ||
| 008 | 130805s1979 ch r 000 0 spa d | ||
| 040 |
_aDO-SdBNP _bspa _cBNPHU |
||
| 082 |
_axxxx _bxxxx |
||
| 245 | 0 | 0 |
_aAmérica Latina : _bLas evaluaciones regionales de la estrategia internacional del desarrollo en los años setenta. |
| 260 |
_aSantiago de Chile : _bCEPAL, _c1979. |
||
| 300 |
_a243 p ; _c25 cm. |
||
| 490 | 1 |
_aCuadernos de la CEPAL _v30 |
|
| 500 | _aIncluye notas al pie de las páginas | ||
| 590 | _aInventariado, 2019/BT | ||
| 830 | 0 |
_aCuadernos de la CEPAL _n30 _966326 |
|
| 999 |
_c39559 _d39559 |
||